Setting up in practice as a partner, director or sole trader (Record no. 109705)
[ view plain ]
| 000 -LEADER | |
|---|---|
| fixed length control field | 01590cad a22002535a 4500 |
| 001 - CONTROL NUMBER | |
| control field | L147723 |
| 008 - FIXED-LENGTH DATA ELEMENTS--GENERAL INFORMATION | |
| fixed length control field | 090609c2009 xxk f 000 0 eng u |
| 035 ## - SYSTEM CONTROL NUMBER | |
| System control number | (Sirsi) u147723 |
| 041 ## - LANGUAGE CODE | |
| Language code of text/sound track or separate title | eng |
| 050 ## - LIBRARY OF CONGRESS CALL NUMBER | |
| Classification number | 658.022 $2 18 |
| 110 2# - MAIN ENTRY--CORPORATE NAME | |
| Corporate name or jurisdiction name as entry element | Royal Institution of Chartered Surveyors |
| 9 (RLIN) | 4900 |
| 245 00 - TITLE STATEMENT | |
| Title | Setting up in practice as a partner, director or sole trader |
| Medium | [electronic resource] |
| 250 ## - EDITION STATEMENT | |
| Edition statement | Rev. ed. |
| 260 ## - PUBLICATION, DISTRIBUTION, ETC. | |
| Place of publication, distribution, etc. | London |
| Name of publisher, distributor, etc. | RICS |
| Date of publication, distribution, etc. | 2009 |
| 300 ## - PHYSICAL DESCRIPTION | |
| Extent | 1 folder |
| Dimensions | 30cm. |
| 505 2# - FORMATTED CONTENTS NOTE | |
| Formatted contents note | Setting up in practice letter -- Firm details form -- Professional indemnity insurance -- 2008 RICS Minimum Policy Wording -- Listed Insurers -- Low fee earners -- Professional indemnity insurance outlets -- Protecting against money laundering -- RICS Clients' money protection scheme -- Site board suppliers -- Statutory requirements -- Who's files are they anyway? -- Giving you a competitive edge -- Getting started checklist |
| 520 ## - SUMMARY, ETC. | |
| Summary, etc. | Notes which have been prepared for members who enquire about setting up in practice. Notes are revised every six months and members are advised to contact the RICS Professional Regulation and Consumer Protection, or check the relevant sources, for changes that may occur. Details of the statutory and RICS requirements are available at www.rics.org. |
| 521 ## - TARGET AUDIENCE NOTE | |
| Target audience note | Advanced |
| 590 ## - LOCAL NOTE (RLIN) | |
| Local note | KA |
| 651 #4 - SUBJECT ADDED ENTRY--GEOGRAPHIC NAME | |
| Geographic name | United Kingdom |
| Chronological subdivision | |
| 690 ## - LOCAL SUBJECT ADDED ENTRY--TOPICAL TERM (OCLC, RLIN) | |
| Topical term or geographic name as entry element | MANAGEMENT-BUSINESS MANAGEMENT-PROFESSIONAL PRACTICE |
| 856 41 - ELECTRONIC LOCATION AND ACCESS | |
| Uniform Resource Identifier | <a href="https://www.rics.org/site/scripts/documents_info.aspx?documentID=183">https://www.rics.org/site/scripts/documents_info.aspx?documentID=183</a> |
| Public note | View the pack online (member-only content) at www.rics.org... |
| 942 ## - ADDED ENTRY ELEMENTS (KOHA) | |
| Suppress in OPAC | 0 |
| Withdrawn status | Lost status | Source of classification or shelving scheme | Damaged status | Not for loan | Home library | Current library | Shelving location | Date acquired | Total Checkouts | Full call number | Barcode | Date last seen | Copy number | Price effective from | Koha item type |
|---|---|---|---|---|---|---|---|---|---|---|---|---|---|---|---|
| Dewey Decimal Classification | London | London | RICS Boxes | 09/06/2009 | RICS 2009/15 | 30074929 | 06/08/2019 | 1 | 06/08/2019 | Archive | |||||
| Dewey Decimal Classification | London | London | RICS Boxes | 09/06/2009 | RICS 2009/15 | 30074933 | 06/08/2019 | 2 | 06/08/2019 | Reference material | |||||
| Dewey Decimal Classification | Virtual | Virtual | Online | 24/06/2009 | ONLINE PUBLICATION | 147723-2001 | 06/08/2019 | 1 | 06/08/2019 | Book |